Jane Austen Characters - Statistics

General Stats
  • This quiz has been taken 237 times
  • The average score is 14 of 15
Answer Stats
Character Book % Correct
Colonel Fitzwilliam Pride and Prejudice
100%
Charlotte Lucas Pride and Prejudice
100%
Jane Fairfax Emma
99%
Frank Churchill Emma
99%
Henry Dashwood Sense and Sensibility
97%
Eliza Brandon Sense and Sensibility
97%
Isabella Thorpe Northanger Abbey
89%
James Morland Northanger Abbey
89%
James Benwick Persuasion
89%
Henrietta Musgrove Persuasion
89%
Penelope Clay Persuasion
89%
Mary Crawford Mansfield Park
87%
James Rushworth Mansfield Park
87%
Charles Anderson Mansfield Park
87%
Reginald De Courcy Lady Susan
58%
No matching quizzes found
Score Distribution
Percent of People with Each Score
Percentile by Number Answered
Your Score History
You have not taken this quiz